Understanding customers /

Gardado en:
Detalles Bibliográficos
Autor Principal: Rice, Chris.
Formato: Libro
Idioma:English
Publicado: Oxford; Boston : Butterworth-Heinemann, 1997.
Edición:2nd edition.
Những chủ đề:
Các nhãn: Engadir etiqueta
Sen Etiquetas, Sexa o primeiro en etiquetar este rexistro!
Thư viện lưu trữ: Mạng thư viện Đại học Đà Nẵng
LEADER 00876cam a2200349 i 4500
001 000046394
003 5857
005 20030217152909.0
008 010220|1997 vm 000 eng
020 |a 0750623225 
040 |a IRC  |c IRC  |d IRC 
041 0 |a eng 
082 1 4 |a 658.8342  |b RI-C 
100 1 |a Rice, Chris. 
245 0 0 |a Understanding customers /  |c Chris Rice. 
250 |a 2nd edition. 
260 |a Oxford; Boston :  |b Butterworth-Heinemann,  |c 1997. 
300 |a vi, 312p. :  |b ill. 
630 0 4 |a Marketing. 
630 0 4 |a Consumer behavior. 
650 0 4 |a Consumer behavior. 
650 0 4 |a Marketing  |x Social aspects. 
OWN |a DUT 
999 |a From the UDN01 
TYP |a Monograph 
TYP |a Printed language 
980 |a Mạng thư viện Đại học Đà Nẵng